Ahol nincs "futószalag-rendelés". Dr. Ferencz László egyetemi tanár a gerontológiáról
Elmentve itt :
| Szerző: | |
|---|---|
| Adatforrás: | Meister |
| Forrásdokumentuma: | A Hét. - 42 sz., 1992, 9 p. |
| Nyelv: | magyar |
| Kulcsszavak: | riport (közéleti) gerontológia román egészségügy FERENCZ László |
| LEADER | 00482nab a2200157 i 4500 | ||
|---|---|---|---|
| 001 | bibPRO00005376 | ||
| 008 | 060524s1992 xx hun | ||
| 040 | |a Sz1 | ||
| 041 | |a hun | ||
| 100 | 1 | |a PÁPAI Judit | |
| 245 | 1 | 0 | |a Ahol nincs "futószalag-rendelés". Dr. Ferencz László egyetemi tanár a gerontológiáról |c PÁPAI Judit |
| 695 | |a riport (közéleti) | ||
| 695 | |a gerontológia | ||
| 695 | |a román egészségügy | ||
| 695 | |a FERENCZ László | ||
| 773 | 0 | |t A Hét. - |g 42 sz., 1992, 9 p. | |